Emili o De l'educació / Jean-Jacques Rousseau ; traducció de Montserrat Gispert
Descripción Física:
LXV, 665 p. ; 20 cm
Colección:
Textos pedagògics , 5
Otros Autores:
Gispert, Montserrat
Materias:
Pedagogia
MARC
| LEADER | 00000nam a2200000Ia 4500 | ||
|---|---|---|---|
| 001 | 1.939 | ||
| 008 | 160829s1985 xx 000 0 cat d | ||
| 080 | |a E-1-124 | ||
| 100 | |a Rousseau, Jean-Jacques |d 1712-1778 |9 27867 | ||
| 245 | |a Emili o De l'educació / Jean-Jacques Rousseau ; traducció de Montserrat Gispert | ||
| 260 | |a Vic : |b Eumo ; Barcelona : |b Diputació de Barcelona, |c 1985 | ||
| 300 | |a LXV, 665 p. ; |c 20 cm | ||
| 490 | |a Textos pedagògics , 5 | ||
| 650 | |a Pedagogia |9 35391 | ||
| 700 | 1 | |a Gispert, Montserrat |9 27868 | |
| 710 | 1 | |a Barcelona (Catalunya : Província). |b Diputació |9 52408 | |
| 901 | |a Arxiu | ||
| 942 | |n 1 | ||
| 952 | |0 0 |1 0 |4 0 |6 E1124 |7 1 |9 44575 |a Arxiu |b Arxiu |d 2016-12-01 |l 0 |o E-1-124 |p 1.939 |r 2016-12-01 00:00:00 |w 2016-12-01 |y ARXIU | ||
| 999 | |c 47156 |d 47156 | ||